000 00446nam a22001337a 4500
005 20241119142608.0
008 241119b |||||||| |||| 00| 0 eng d
110 _aRepublic of Ghana
245 _aIncome Tax Act, 2015 (ACT 896)
_bWith Amendments (ACT 902, 907, 924, 941, 956, 973, 979)
260 _aAccra, Ghana
_bGhana Publishing Company Ltd. (Assembly Press)
_c2018
300 _a181 pages
_c24 cm
650 _2Income Tax
942 _2lcc
_cBK
_n0
999 _c1341
_d1341